Siksha arthaniti aru saikhik parikalpana (Record no. 2136)

MARC details
000 -LEADER
fixed length control field 00525cam a2200193ua 4500
001 - CONTROL NUMBER
control field 2274
005 - DATE AND TIME OF LATEST TRANSACTION
control field 20260515113452.0
008 - FIXED-LENGTH DATA ELEMENTS--GENERAL INFORMATION
fixed length control field 110806n ii |||gr||||Z||||||asm
040 ## - CATALOGING SOURCE
Transcribing agency MAIN
082 ## - DEWEY DECIMAL CLASSIFICATION NUMBER
Classification number 371.207
100 ## - MAIN ENTRY--PERSONAL NAME
Personal name Kakoty, Bidyananda,
Relator term Author.
245 1# - TITLE STATEMENT
Title Siksha arthaniti aru saikhik parikalpana
Statement of responsibility, etc. by Bidyananda barkakoty
250 ## - EDITION STATEMENT
Edition statement 1st.
260 ## - PUBLICATION, DISTRIBUTION, ETC.
Place of publication, distribution, etc. Dibrugarh:
Name of publisher, distributor, etc. Banalata,
Date of publication, distribution, etc. 2003.
300 ## - PHYSICAL DESCRIPTION
Extent 190p:
Other physical details ill;
Dimensions 23cm.
653 ## - INDEX TERM--UNCONTROLLED
Uncontrolled term Education
653 ## - INDEX TERM--UNCONTROLLED
Uncontrolled term Siksha arthaniti aru saikhik parikalpana
942 ## - ADDED ENTRY ELEMENTS (KOHA)
Koha item type Books
Holdings
Withdrawn status Lost status Damaged status Not for loan Home library Current library Shelving location Date acquired Total checkouts Full call number Barcode Date last seen Copy number Price effective from Koha item type
        Naharkatiya College Library Naharkatiya College Library General stacks 09/19/2020   371.207 | KAK 17530 09/19/2020 1 09/19/2020 Books